00393cam a2200157ua 45000010005000000080039000050400009000440820011000531000030000642450035000942500009001292600048001383000018001866530014002046530017002181481110713n xxk |||gr||||Z||||||eng cMAIN a331.88 aFlanders, Allan,eAuthor.1 aTrade Unioncby Allan Flanders a3rd. aLondon:bHutchinson University Library,960. avi; 176p:9cm. aEconomics aTrade unions